Three worlds of public relations

Gespeichert in:
Bibliographische Detailangaben
1. Verfasser: Tworzydlo, Dariusz
Weitere Verfasser: Humenny, Grzegorz
Format: Buchkapitel
Sprache:Englisch
Schlagworte:
Tags: Tag hinzufügen
Keine Tags, Fügen Sie das erste Tag hinzu!

MARC

LEADER 00000naa$a2200000$$$4500
001 0014986
005 20041019155800.5
041 0 |a eng 
044 |a SK 
245 1 0 |a Three worlds of public relations  |c aut. Dariusz Tworzydlo, Grzegorz Humenny 
610 2 0 |a práca s verejnosťou 
610 2 0 |a zamestnanci 
610 2 0 |a firmy 
610 2 0 |a agentúry 
610 2 0 |a teória a prax 
610 2 0 |a vedomosti 
610 2 0 |a komunikácia 
610 2 0 |a Poľsko 
100 1 |a Tworzydlo, Dariusz 
700 1 |a Humenny, Grzegorz